| 000 | 00440nam a22001577a 4500 | ||
|---|---|---|---|
| 020 | _a9780000198129 | ||
| 082 |
_aM301 _bVEE/P |
||
| 100 |
_aVeena K S _9154903 |
||
| 245 |
_aParayathe poyathu.../ _cby Veena K S |
||
| 260 |
_aKottayam: _bSahithay Pravarthaka Co-operative Society, _c2014. |
||
| 300 | _a61p. | ||
| 650 |
_aStories Malayalam _9154904 |
||
| 650 |
_aLiterature Malayalam _9154905 |
||
| 650 |
_aLiterature _9154906 |
||
| 942 | _cBK | ||
| 999 |
_c141669 _d141669 |
||